00750cam a2200229 a 4500001000800000005001700008008004100025020001500066040002800081082002100109100001100130100001500141245006000156260020300216300001600419650001800435650001000453650001300463650002300476942000600499999001500505394521020250129002505.0940114s1994 maua b 001 0 eng c a067469533X aDLC/MoSU-LcMoSU-LdDLC00a304.626886bSEN aSen, G aSnow, R. C00aPower and Decision:bThe Social Control of Reproduction aMassachusettsbHarvard Center for Population and Development Studies, Dept. of Population and International Health, Harvard School of Public Health :bDistributed by Harvard University Press,c1994. aii, 348 p., 0aBirth control 0aWomen 0aAbortion 0aHuman reproduction cL c5966d5966